Evelyn Roberts' miracle life stories. (Record no. 17125)

000 -LEADER
fixed length control field 00490nam a2200169 a 4500
001 - CONTROL NUMBER
control field :::00020848$&:&@@
003 - CONTROL NUMBER IDENTIFIER
control field OkBaRHE
005 - DATE AND TIME OF LATEST TRANSACTION
control field 20040121141403.0
008 - FIXED-LENGTH DATA ELEMENTS--GENERAL INFORMATION
fixed length control field s1998 j 000 0 eng u
040 ## - CATALOGING SOURCE
Transcribing agency
100 1# - MAIN ENTRY--PERSONAL NAME
Personal name Roberts, Evelyn
245 10 - TITLE STATEMENT
Title Evelyn Roberts' miracle life stories.
260 ## - PUBLICATION, DISTRIBUTION, ETC. (IMPRINT)
Place of publication, distribution, etc Tulsa, OK
Name of publisher, distributor, etc Evelyn Roberts
Date of publication, distribution, etc 1998
300 ## - PHYSICAL DESCRIPTION
Extent 85 p.
942 ## - ADDED ENTRY ELEMENTS (KOHA)
Source of classification or shelving scheme
Koha item type Books
Copies
Shelving location Koha item type Total Checkouts Not for loan Damaged status Date last seen Total Renewals Current Location Date checked out Source of classification or shelving scheme Lost status Withdrawn status Barcode Date acquired Permanent Location Copy number Price effective from Full call number
General StacksBooks1  2011-11-152RHEMA Bible Training College2011-09-27   208482010-04-14RHEMA Bible Training College12010-04-14HQ 769.3 .R6